Telecommunication switching (Record no. 136462)

000 -LEADER
fixed length control field 00302nam a2200121Ia 4500
008 - FIXED-LENGTH DATA ELEMENTS--GENERAL INFORMATION
fixed length control field 220120s9999||||xx |||||||||||||| ||und||
020 ## - INTERNATIONAL STANDARD BOOK NUMBER
International Standard Book Number 978064407052
082 ## - DEWEY DECIMAL CLASSIFICATION NUMBER
Classification number 621.382 CHA
100 ## - MAIN ENTRY--PERSONAL NAME
Personal name Chandrashekaraiah
9 (RLIN) 11498
245 #0 - TITLE STATEMENT
Title Telecommunication switching
260 ## - PUBLICATION, DISTRIBUTION, ETC.
Name of publisher, distributor, etc. New York
300 ## - PHYSICAL DESCRIPTION
Extent 238p.
Other physical details 0
Holdings
Withdrawn status Lost status Damaged status Not for loan Collection code Home library Current library Date acquired Barcode Date last seen Price effective from Koha item type
        Electronics and Communication Engineering Central Library Central Library 01/20/2022 GF321 01/20/2022 01/20/2022 Gift Books

Powered by Koha